00282pam a2200121 a 4500020000500000041000800005082001700013100002600030245004800056250001000104260003300114300001300147 c aeng a576.028bSHE aSherman, Cappucciano. aMicrobiology Lab Manual hTextual Documents a2009. aNew DelhibPearson Education a528 pg .